000 00682nam a2200193 a 4500
003 0
005 20250326144611.0
008 050809s19uu xx 00 eng d
050 _aPGS RA 645.N87.J86
_b.H557 2005
100 _aHernandez, Kristine Claire M.
245 _aPerceptions of grade six students on the correlation of junk food intake with weight gain /
_cKristine Claire M. Hernandez.
300 _a23 pages :
_billustrations ;
_c28 cm.
504 _aIncludes bibliographical references.
650 _aJunk food
_vHealth aspects.
650 _aObesity in children.
650 _aNutrition and students.
650 _aEating habits of children.
942 _2lcc
_cPASS
999 _c97370
_d97370